000 00681nam a2200217 i 4500
001 129044
003 ES-MaACL
005 20230906193428.0
007 t|
008 070605s1964 sp ||||1| spa d
110 2 _aMovimiento Nacional (España).
_bDelegación Nacional de Prensa, Propaganda y Radio.
_95783
245 1 0 _aTécnica y sociedad española.
260 _aMadrid :
_bEdiciones del Movimiento,
_c[1964]
300 _a115 p. ;
_c22 cm.
490 1 _aNuevo horizonte
650 4 _aEnseñanza técnica-
_zEspaña.
_9171881
710 2 _aEdiciones del Movimiento.
_9171800
830 1 _aNuevo horizonte
_9181183
852 _aES-MaACL
_jC-25765
999 _c129044
_d129044